|
|
|
|
| LEADER |
00572nam a22001811a 4500 |
| 020 |
|
|
|c 0.00
|
| 040 |
|
|
|a SSUS - Library - Kalady
|
| 082 |
|
|
|a 781.264
|b VID/H
|
| 100 |
|
|
|a Vidya Bhavani Suresh
|
| 245 |
|
|
|a 100 ragas you always wish to know Part-B
|h [Text]
|
| 260 |
|
|
|a Chennai
|b Skanda
|c 2004
|
| 300 |
|
|
|a 32p.
|
| 600 |
|
|
|a Music
|
| 600 |
|
|
|a Ragas Carnatic Music
|
| 852 |
|
|
|h 781.264
|i VID/H
|p 053565
|9 45.00
|t 0
|
| 942 |
|
|
|c BK
|
| 999 |
|
|
|c 5
|d 5
|
| 952 |
|
|
|0 0
|1 0
|4 0
|6 781_264000000000000_VID_H
|7 0
|9 8
|a SSUS
|b SSUS
|d 2015-01-08
|g 45.00
|o 781.264 VID/H
|p 053565
|r 2015-01-08
|v 0.00
|w 2015-01-08
|y BK
|